[Event "Moscow-ch"]
[Site "Moscow"]
[Date "2024.03.25"]
[Round "2"]
[White "Maslovskiy, Vladimir"]
[Black "Shishkin, Demid"]
[Result "1-0"]
[WhiteElo "2234"]
[BlackElo "2077"]
[PlyCount "63"]
[EventDate "2024.03.22"]
[EventType "swiss"]
[EventRounds "7"]
[EventCountry "RUS"]
[SourceTitle "CB15_2024"]
[SourceDate "2024.04.10"]
[SourceVersion "1"]
[SourceVersionDate "2024.04.10"]
[SourceQuality "1"]

1. d4 Nf6 2. c4 e6 3. Nc3 c5 4. d5 d6 5. e4 g6 6. Nge2 exd5 7. cxd5 b5 8. Nxb5 Bg7 9. Nec3 0-0 10. Be2 Re8 11. f3 Nh5 12. 0-0 f5 13. g3 a6 14. Na3 Ra7 15. Nc4 Rf7 16. Bd2 Qe7 17. Bd3 Qf8 18. Kg2 Bb7 19. Qc2 fxe4 20. Nxe4 Rd7 21. Rae1 Nf6 22. Nxf6+ Bxf6 23. Rxe8 Qxe8 24. Re1 Qf7 25. Be4 Rd8 26. Bf4 Be7 27. Qd2 Qf8 28. Qa5 g5 29. Bd2 Nd7 30. Qc7 Ba8 31. Bc3 Nf6 32. Bxh7+ 1-0

[Event "Moscow op-A 19th"]
[Site "Moscow"]
[Date "2023.07.20"]
[Round "4"]
[White "Shishkin, Demid"]
[Black "Korchmar, Vasiliy"]
[Result "0-1"]
[WhiteElo "2141"]
[BlackElo "2438"]
[PlyCount "56"]
[EventDate "2023.07.17"]
[EventType "swiss"]
[EventRounds "9"]
[EventCountry "RUS"]
[SourceTitle "CBM 215 Extra"]
[Source "ChessBase"]
[SourceDate "2023.09.30"]
[SourceVersion "1"]
[SourceVersionDate "2023.09.30"]
[SourceQuality "1"]

1. e3 Nf6 2. Nf3 d5 3. c4 e6 4. Nc3 Bd6 5. b3 0-0 6. Bb2 a6 7. g4 Nc6 8. g5 Ne4 9. Rg1 Nxc3 10. dxc3 dxc4 11. Bxc4 b5 12. Bd3 Bb7 13. Qc2 g6 14. Be4 Qe7 15. h4 Rfd8 16. c4 e5 17. a3 bxc4 18. b4 Bxb4+ 19. axb4 Nxb4 20. Qxc4 Bxe4 21. Qxe4 Nd3+ 22. Ke2 Nxb2 23. Qxe5 Qb4 24. Nd4 c5 25. Ne6 Qb5+ 26. Kf3 Qb7+ 27. Kg3 fxe6 28. h5 Qb8 0-1

[Event "Nezhmetdinov Memorial 44th"]
[Site "Kazan"]
[Date "2022.05.27"]
[Round "1"]
[White "Khegay, Dmitriy"]
[Black "Shishkin, Demid"]
[Result "1-0"]
[WhiteElo "2523"]
[BlackElo "1927"]
[PlyCount "133"]
[EventDate "2022.05.27"]
[EventType "swiss"]
[EventRounds "9"]
[EventCountry "RUS"]
[SourceTitle "CBM 208 Extra"]
[Source "ChessBase"]
[SourceDate "2022.07.31"]
[SourceVersion "1"]
[SourceVersionDate "2022.07.31"]
[SourceQuality "1"]

1. d4 Nf6 2. c4 d6 3. Nf3 Nbd7 4. Nc3 e5 5. e4 g6 6. Be2 Bg7 7. Be3 0-0 8. d5 a5 9. Nd2 Ne8 10. 0-0 f5 11. exf5 gxf5 12. f4 Nef6 13. Kh1 Qe7 14. Qc2 Nc5 15. Rae1 e4 16. Nb3 Nxb3 17. Qxb3 Bd7 18. Nd1 b6 19. Bd4 Kh8 20. Ne3 Rae8 21. Qc3 Bc8 22. Bd1 Rg8 23. Rg1 Rd8 24. a3 Ne8 25. b4 axb4 26. axb4 Bxd4 27. Qxd4+ Qf6 28. Qxf6+ Nxf6 29. Ba4 Ng4 30. Nxg4 Rxg4 31. Rgf1 Rg7 32. Ra1 Bd7 33. Bd1 Rb8 34. Ra7 Be8 35. Bb3 c6 36. Rxg7 Kxg7 37. dxc6 Bxc6 38. Ra1 Ra8 39. Rxa8 Bxa8 40. Kg1 Bc6 41. Kf2 Kf6 42. Ke3 Bd7 43. Kd4 Be6 44. Bd1 Bf7 45. g4 Be6 46. g5+ Ke7 47. h4 Bf7 48. h5 Kd7 49. h6 Ke7 50. Ba4 Bg6 51. Bb5 Bh5 52. Ba6 Kf7 53. Bb7 Ke7 54. Ba6 Kf7 55. Bb5 Ke7 56. c5 bxc5+ 57. bxc5 dxc5+ 58. Kxc5 Kf7 59. Kd4 Ke6 60. Bc4+ Kd6 61. Bb3 Be8 62. Bd5 Bh5 63. Bb7 Bf7 64. Bc8 Bg6 65. Kc4 Ke7 66. Kd5 Kf7 67. Ba6 1-0

[Event "Cheliabinsk Panchenko Memorial op-A"]
[Site "Cheliabinsk"]
[Date "2021.09.17"]
[Round "5"]
[White "Mochalin, Faddey"]
[Black "Shishkin, Demid"]
[Result "1-0"]
[WhiteElo "2138"]
[BlackElo "1855"]
[PlyCount "75"]
[EventDate "2021.09.13"]
[EventType "swiss"]
[EventRounds "10"]
[EventCountry "RUS"]
[SourceTitle "CBM 204 Extra"]
[Source "ChessBase"]
[SourceDate "2021.11.30"]
[SourceVersion "1"]
[SourceVersionDate "2021.11.30"]
[SourceQuality "1"]

1. d4 Nf6 2. c4 d6 3. Nc3 e5 4. Nf3 e4 5. Nd2 Qe7 6. g3 c6 7. Bg2 Bf5 8. d5 g6 9. h3 h5 10. Nb3 Bg7 11. Bf4 cxd5 12. Nb5 0-0 13. Bxd6 Qd7 14. Bxf8 Bxf8 15. Nc3 Bb4 16. Qd4 Qd6 17. c5 Bxc3+ 18. Qxc3 Qe7 19. Nd4 Nbd7 20. Rc1 Rc8 21. b4 Ne5 22. 0-0 Qd7 23. Nxf5 Qxf5 24. f3 exf3 25. exf3 Rd8 26. f4 Nc6 27. b5 Ne7 28. Qe5 Qxe5 29. fxe5 Ne4 30. Bxe4 dxe4 31. Rfd1 Rb8 32. c6 bxc6 33. bxc6 Kf8 34. c7 Re8 35. Rd8 Nc8 36. Rcd1 Nb6 37. Rxe8+ Kxe8 38. Rd8+ 1-0